000
00264nam a2200109Ia 4500
008
230907s9999||||xx |||||||||||||| ||und||
082
_a
382
_b
MCL
100
_a
McLaren, John,
_9
116093
245
0
_a
international trade :
300
_a
xxi, 329 pages :
942
_c
BK
999
_c
601014
_d
601014